Statistics for Car Names by Alternate Definition #2

Click here to take the quiz!

General Stats

  • This quiz has been taken 8,849 times
  • The average score is 11 of 20

Answer Stats

DefinitionCar Model% Correct
Type of insectVolkswagen {Beetle}
95%
Male sheepDodge {Ram}
93%
When the moon blocks the
light from the sun
Mitsubishi {Eclipse}
86%
Person who loves their countryJeep {Patriot}
77%
Spitting snakeShelby {Cobra}
76%
Spanish for "devil"Lamborghini {Diablo}
71%
Date when day and night
are of equal length
Chevy {Equinox}
69%
Small, pointed projectileDodge {Dart}
60%
Certain astrological signFord {Taurus}
57%
Boxer who will fight the champDodge {Challenger}
56%
Person who lives in the Scottish hillsToyota {Highlander}
52%
Long, silvery fish with sharp teethPlymouth {Barracuda}
49%
Periodic table componentHonda {Element}
46%
Variety of massive California treeToyota {Sequoia}
46%
One who takes vengeanceDodge {Avenger}
42%
Mischievous creature that
damages machinery
AMC {Gremlin}
40%
Write-up for breaking a lawChevy {Citation}
26%
Cavalry manChevy {Cavalier}
26%
Two-dimensional array of numbersToyota {Matrix}
23%
Weasel-like mammal with valuable furMercury {Sable}
23%

Score Distribution

Percentile by Number Answered

Percent of People with Each Score

Your Score History

You have not taken this quiz